Zambia Women celebrated (Record no. 1003)
[ view plain ]
| 000 -LEADER | |
|---|---|
| fixed length control field | 00448nam a22001577a 4500 |
| 005 - DATE AND TIME OF LATEST TRANSACTION | |
| control field | 20241127143818.0 |
| 008 - FIXED-LENGTH DATA ELEMENTS--GENERAL INFORMATION | |
| fixed length control field | 240214b |||||||| |||| 00| 0 eng d |
| 040 ## - CATALOGING SOURCE | |
| Original cataloging agency | KMU |
| Transcribing agency | KMU |
| Modifying agency | KMU |
| Description conventions | rda |
| 050 ## - LIBRARY OF CONGRESS CALL NUMBER | |
| Classification number | HQ 1240 Moy |
| 100 ## - MAIN ENTRY--PERSONAL NAME | |
| Personal name | Moyo, Marsha |
| 245 ## - TITLE STATEMENT | |
| Title | Zambia Women celebrated |
| Statement of responsibility, etc. | /Moyo, Marsha |
| 260 ## - PUBLICATION, DISTRIBUTION, ETC. | |
| Place of publication, distribution, etc. | Lusaka : |
| Name of publisher, distributor, etc. | Royal Norwegian Embassy, |
| Date of publication, distribution, etc. | 2001. |
| 300 ## - PHYSICAL DESCRIPTION | |
| Extent | 52 p. : |
| Other physical details | ill. ; |
| Dimensions | 28 cm. |
| 710 ## - ADDED ENTRY--CORPORATE NAME | |
| Corporate name or jurisdiction name as entry element | Royal Norwegian Embassy |
| 942 ## - ADDED ENTRY ELEMENTS (KOHA) | |
| Source of classification or shelving scheme | Library of Congress Classification |
| Koha item type | Non-Fiction |
| Suppress in OPAC | No |
| Withdrawn status | Lost status | Source of classification or shelving scheme | Damaged status | Not for loan | Collection | Home library | Current library | Shelving location | Date acquired | Source of acquisition | Total Checkouts | Full call number | Barcode | Date last seen | Price effective from | Koha item type |
|---|---|---|---|---|---|---|---|---|---|---|---|---|---|---|---|---|
| Library of Congress Classification | Non-fiction | Kapasa Makasa University | Kapasa Makasa University | Special Collection | 14.02.2024 | CBU | HQ 1240 Moy | 55775 | 14.02.2024 | 14.02.2024 | Non-Fiction |